000 00209nam a22000857a 4500
008 161116b xxu||||| |||| 00| 0 eng d
100 _91233
_aCBSE
245 _aF.A. Social Science-X
260 _aNew Delhi
_bCBSE
_c2010
999 _c3936
_d3936